শব্দ ফেরে না / (Record no. 49077)
[ view plain ]
| 000 -LEADER | |
|---|---|
| fixed length control field | 00913nam a2200241 a 4500 |
| 001 - CONTROL NUMBER | |
| control field | 49077 |
| 003 - CONTROL NUMBER IDENTIFIER | |
| rucl marc code | BD-RjUL |
| 005 - DATE AND TIME OF LATEST TRANSACTION | |
| control field | 20211209054630.0 |
| 008 - FIXED-LENGTH DATA ELEMENTS--GENERAL INFORMATION | |
| fixed length control field | 160817s1989 ii ||||| |||| 00| 0 ben d |
| 020 ## - INTERNATIONAL STANDARD BOOK NUMBER | |
| Terms of availability | : Tk.2.00 |
| 035 ## - SYSTEM CONTROL NUMBER | |
| System control number | (BD-RjUL)49196 |
| 040 ## - CATALOGING SOURCE | |
| Original cataloging agency | BD-RjUL |
| Language of cataloging | ben |
| Transcribing agency | BD-RjUL |
| Modifying agency | BD-RjUL |
| 041 ## - LANGUAGE CODE | |
| Language code of text/sound track or separate title | ben |
| 082 ## - DEWEY DECIMAL CLASSIFICATION NUMBER | |
| Edition number | 23 |
| Classification number | 891.441 |
| Author mark and year | SAS 1989 |
| 100 ## - MAIN ENTRY--PERSONAL NAME | |
| Personal name | সাহা, পঙ্কজ |
| 9 (RLIN) | 147640 |
| 245 10 - TITLE STATEMENT | |
| Title | শব্দ ফেরে না / |
| Statement of responsibility, etc. | পঙ্কজ সাহা; অ্যাণ্ড্র ওয়ারহ্যামঃ অনুবাদ |
| 260 ## - PUBLICATION, DISTRIBUTION, ETC. (IMPRINT) | |
| Place of publication, distribution, etc. | কলকাতা: |
| Name of publisher, distributor, etc. | প্যাপিরাস, |
| Date of publication, distribution, etc. | ১৯৮৯ |
| 300 ## - PHYSICAL DESCRIPTION | |
| Pagination | ৩৭ পৃ. ; |
| Size | ২০ সেমি. |
| 650 ## - SUBJECT ADDED ENTRY--TOPICAL TERM | |
| Topical term or geographic name as entry element | বাংলা কবিতা |
| 9 (RLIN) | 147641 |
| Topical term or geographic name as entry element | Bengali poetry |
| 9 (RLIN) | 147642 |
| 700 ## - ADDED ENTRY--PERSONAL NAME | |
| Personal name | ওয়ারহ্যাম অ্যাণ্ড্রঃ অনুবাদ |
| 942 ## - ADDED ENTRY ELEMENTS (KOHA) | |
| Source of classification or shelving scheme | Dewey Decimal Classification |
| Koha item type | Books |
| Lost status | Source of classification or shelving scheme | Damaged status | Not for loan | Collection code | Permanent Location | Current Location | Shelving location | Date acquired | Source of acquisition | Total Checkouts | Full call number | Date last seen | Copy number | Koha item type |
|---|---|---|---|---|---|---|---|---|---|---|---|---|---|---|
| Dewey Decimal Classification | Non-fiction | Central Library, University of Rajshahi | Central Library, University of Rajshahi | 27/01/1992 | Anudan | B 891.441 SAS 1989 | 17/08/2016 | C-2 | Books |